Материально-техническое снабжение (Запись № 2821978)

Подробности
000 -МАРКЕР
контрольное поле 04005nas1a22005651i 4500
001 - ИДЕНТИФИКАТОР ЗАПИСИ
контрольное поле RU\NLR\INFOCOMM33\1000069397
005 - ИДЕНТИФИКАТОР ВЕРСИИ
контрольное поле 20240726062117.0
011 ## - МЕЖДУНАРОДНЫЙ СТАНДАРТНЫЙ НОМЕР СЕРИАЛЬНОГО ИЗДАНИЯ (ISSN)
Номер (ISSN) 0203-2686
035 ## - ДРУГИЕ СИСТЕМНЫЕ НОМЕРА
Идентификатор записи (NLR Aleph) 002527856
100 ## - ДАННЫЕ ОБЩЕЙ ОБРАБОТКИ
Данные общей обработки 20040421b19691988|||y0rusy50 ca
101 0# - ЯЗЫК РЕСУРСА
Язык текста, звукозаписи и т.д. русский
102 ## - СТРАНА ПУБЛИКАЦИИ ИЛИ ПРОИЗВОДСТВА
Страна публикации Российская Федерация
110 ## - ПОЛЕ КОДИРОВАННЫХ ДАННЫХ: ПРОДОЛЖАЮЩИЕСЯ РЕСУРСЫ
Кодированные данные продолжающегося ресурса ayu||||0|y0
200 1# - ЗАГЛАВИЕ И СВЕДЕНИЯ ОБ ОТВЕТСТВЕННОСТИ
Основное заглавие Материально-техническое снабжение
Сведения, относящиеся к заглавию Науч.-техн. реф. сб.
Обозначение и номер части Серия 1
Наименование части Экономия и рациональное использование сырьевых, топливно-энергетических и других материальных ресурсов
Первые сведения об ответственности ЦНИИ информ. и техн.-экон. исслед. по матер.-техн. снабжению (ЦНИИТЭИМС)
210 ## - ПУБЛИКАЦИЯ, РАСПРОСТРАНЕНИЕ И ДР.
Место издания, распространения и т.д. М.
Дата издания, распространения и т.д. 1969-1988
300 ## - ОБЩИЕ ПРИМЕЧАНИЯ
Текст примечания В надзаг. также: Гос. ком. СССР по матер.-техн. снабжению
300 ## - ОБЩИЕ ПРИМЕЧАНИЯ
Текст примечания За 1974 г. изд. хранится в ФГО
311 ## - ПРИМЕЧАНИЯ, ОТНОСЯЩИЕСЯ К ПОЛЯМ СВЯЗИ (ПРИМЕЧАНИЯ О СВЯЗИ С ДРУГИМИ ПРОИЗВЕДЕНИЯМИ (ИЗДАНИЯМИ))
Текст примечания Прекр. на 1988, Вып.6
430 #0 - ПРОДОЛЖЕН
Встроенное поле 2001#$aРациональное использование материальных ресурсов и нормирование запасов
Заглавие Рациональное использование материальных ресурсов и нормирование запасов
430 #0 - ПРОДОЛЖЕН
Встроенное поле 2001#$aРациональное использование материальных ресурсов
Заглавие Рациональное использование материальных ресурсов
430 #0 - ПРОДОЛЖЕН
Встроенное поле 2001#$aМатериально-техническое снабжение$hСерия 5$iРациональное использование материальных ресурсов
Заглавие Материально-техническое снабжение
801 #1 - ИСТОЧНИК ЗАПИСИ
Страна Российская Федерация
Организация InfoComm
Дата составления 20040421
801 #0 - ИСТОЧНИК ЗАПИСИ
Страна Российская Федерация
Организация NLR
Правила каталогизации PSBO
852 ## - МЕСТОНАХОЖДЕНИЕ И ШИФР ХРАНЕНИЯ
Идентификатор организации NLR
Шифр хранения (Call Number) П52/184
942 ## - ДОПОЛНИТЕЛЬНЫЕ ЭЛЕМЕНТЫ ЗАПИСИ (АБИС)
Тип экземпляра АБИС Журнал
980 ## - КОЛЛЕКЦИЯ
Название коллекции Русская периодика

Нет доступных экземпляров.